| 000 | 00759nam a2200229Ia 4500 | ||
|---|---|---|---|
| 003 | GCL | ||
| 008 | 140319s9999 xx 000 0 ara d | ||
| 020 | _a0814215977 | ||
| 040 |
_aGCL / _cGCL |
||
| 082 | 0 | 4 |
_a025.4 _bح أ |
| 100 | 1 | _aحشمت قاسم | |
| 245 | 1 | 0 |
_aالاتصال العلمى فى البيئة الالكترونية / _cحشمت قاسم |
| 250 | _aالاولى | ||
| 260 |
_aالقاهرة : _bدار غريب للطباعة والنشر والتوزيع ، _c2005 |
||
| 300 |
_a535 ص ؛ _c24 سم |
||
| 650 | 0 | 4 | _aالمكتبات |
| 650 | 0 | 4 | _aالإنترنت |
| 650 | 0 | 4 | _aالمكتبات الرقمية |
| 650 | 0 | 4 | _aالمكتبات التكنولوجية |
| 650 | 0 | 4 | _aالاتصال العلمى |
| 942 |
_2ddc _cBK |
||
| 999 |
_c57247 _d57247 |
||